| 000 | 00591cam3a220021700 4500 | ||
|---|---|---|---|
| 001 | zam00002801 | ||
| 008 | 951128s1973 xx eng u | ||
| 035 | _a(Sirsi) r20143 | ||
| 035 | _a(MACHINE)SLC. | ||
| 100 |
_aCliffe, L. _6A81372.1 |
||
| 245 | 1 | 0 | _aUnderdevelopment socialism. |
| 260 | _c1973. | ||
| 949 |
_aCLI1-UND _wlcc _mMAIN _tBOOK _lON-SHELF |
||
| 004 | 20143 | ||
| 591 | _aClass code: PA 410. | ||
| 591 | _aCourse: Development administration. | ||
| 591 | _aSchool: S05. | ||
| 591 | _aLecturer: Dr. MUSHOTA, R.T. | ||
| 591 | _aNumber of Students: 101. | ||
| 909 | _aBook | ||
| 999 |
_c169936 _d169936 |
||